[Event "LSS No Engine Cup 208 Preliminary 0"]
[Site "LSS email"]
[Date "2020.10.01"]
[Round "?"]
[White "Langheld, Werner"]
[Black "Ottenweller, Wolfgang"]
[Result "1-0"]
[WhiteElo "1600"]
[BlackElo "1772"]
[PlyCount "25"]
[EventDate "2020.10.01"]
[EventType "tourn (corr)"]
[EventRounds "6"]
[EventCountry "GER"]
[SourceTitle "Corr 2022"]
[Source "ChessBase"]
[SourceDate "2021.10.24"]
[SourceVersion "1"]
[SourceVersionDate "2021.10.24"]
[SourceQuality "1"]

1. e4 e5 2. Nf3 Bc5 3. Nxe5 d6 4. Nf3 Nf6 5. d4 Bb6 6. a4 a5 7. Bg5 h6 8. Bxf6 Qxf6 9. c3 0-0 10. Nbd2 Qg6 11. Nh4 Re8 12. Nxg6 fxg6 13. Qb3+ 1-0

[Event "LSS No Engine Cup 208 Preliminary 0"]
[Site "LSS email"]
[Date "2020.10.01"]
[Round "?"]
[White "Nowak, Andrzej"]
[Black "Ottenweller, Wolfgang"]
[Result "1-0"]
[WhiteElo "2012"]
[BlackElo "1772"]
[PlyCount "43"]
[EventDate "2020.10.01"]
[EventType "tourn (corr)"]
[EventRounds "6"]
[EventCountry "GER"]
[SourceTitle "Corr 2022"]
[Source "ChessBase"]
[SourceDate "2021.10.24"]
[SourceVersion "1"]
[SourceVersionDate "2021.10.24"]
[SourceQuality "1"]

1. e4 e5 2. Nf3 Nc6 3. Bb5 Bc5 4. 0-0 Nd4 5. Nxd4 Bxd4 6. c3 Bb6 7. d4 c6 8. Bc4 exd4 9. cxd4 Ne7 10. Be2 d5 11. exd5 Nxd5 12. Nc3 0-0 13. Bf3 Be6 14. Ne4 Re8 15. Nc5 h6 16. Nxb7 Qe7 17. Nc5 Bxc5 18. dxc5 Qxc5 19. Qa4 Ne7 20. Be3 Qf5 21. Be4 Qb5 22. Qxb5 1-0

[Event "LSS No Engine Cup 208 Preliminary 0"]
[Site "LSS email"]
[Date "2020.10.01"]
[Round "?"]
[White "Reppert, Victor"]
[Black "Ottenweller, Wolfgang"]
[Result "1-0"]
[WhiteElo "1644"]
[BlackElo "1772"]
[PlyCount "25"]
[EventDate "2020.10.01"]
[EventType "tourn (corr)"]
[EventRounds "6"]
[EventCountry "GER"]
[SourceTitle "Corr 2022"]
[Source "ChessBase"]
[SourceDate "2021.10.24"]
[SourceVersion "1"]
[SourceVersionDate "2021.10.24"]
[SourceQuality "1"]

1. e4 e5 2. Nf3 Bc5 3. Nxe5 d6 4. Nf3 Nf6 5. d4 Bb6 6. Bd3 Bg4 7. c3 0-0 8. h3 Bh5 9. 0-0 Re8 10. Re1 Nxe4 11. Rxe4 Rxe4 12. Bxe4 d5 13. Bc2 1-0

[Event "LSS No Engine Cup 207 Preliminary 0"]
[Site "LSS email"]
[Date "2020.09.16"]
[Round "?"]
[White "Ottenweller, Wolfgang"]
[Black "Krishnamurthy, Prabhanandan"]
[Result "1-0"]
[WhiteElo "1758"]
[BlackElo "1678"]
[PlyCount "21"]
[EventDate "2020.09.16"]
[EventType "tourn (corr)"]
[EventRounds "6"]
[EventCountry "GER"]
[SourceTitle "Corr 2022"]
[Source "ChessBase"]
[SourceDate "2021.10.24"]
[SourceVersion "1"]
[SourceVersionDate "2021.10.24"]
[SourceQuality "1"]

1. e4 e6 2. d4 d5 3. c4 dxc4 4. Bxc4 c5 5. d5 Nf6 6. Bg5 Be7 7. Nc3 exd5 8. exd5 Nxd5 9. Qxd5 Qxd5 10. Nxd5 Bxg5 11. Nc7+ 1-0

[Event "LSS No Engine Cup 206 Preliminary 0"]
[Site "LSS email"]
[Date "2020.08.24"]
[Round "?"]
[White "Korchut, Adam"]
[Black "Ottenweller, Wolfgang"]
[Result "1/2-1/2"]
[WhiteElo "1917"]
[BlackElo "1758"]
[PlyCount "71"]
[EventDate "2020.08.24"]
[EventType "tourn (corr)"]
[EventRounds "6"]
[EventCountry "GER"]
[SourceTitle "Corr 2022"]
[Source "ChessBase"]
[SourceDate "2021.10.24"]
[SourceVersion "1"]
[SourceVersionDate "2021.10.24"]
[SourceQuality "1"]

1. d4 Nf6 2. c4 e5 3. dxe5 Ng4 4. Bf4 Nc6 5. Nf3 Bb4+ 6. Nc3 Qe7 7. Qd5 Bxc3+ 8. bxc3 f6 9. exf6 Nxf6 10. Qd2 d6 11. e3 0-0 12. Nd4 Ne4 13. Nxc6 bxc6 14. Qd4 Bb7 15. c5 Nxc5 16. Bg3 Ne4 17. f3 c5 18. Qd3 Nxg3 19. hxg3 h6 20. Qd2 Qg5 21. Kf2 Qd5 22. Qxd5+ Bxd5 23. Bd3 Rfb8 24. e4 Rb2+ 25. Ke3 Bc6 26. Bc4+ Kf8 27. Rhg1 Rb6 28. Rgb1 Ba4 29. Bd5 Rab8 30. Rxb6 axb6 31. f4 Rd8 32. Kf3 Ke7 33. g4 Re8 34. g3 Kf6 35. Rb1 Rf8 36. Re1 1/2-1/2

[Event "LSS No Engine Cup 206 Preliminary 0"]
[Site "LSS email"]
[Date "2020.08.24"]
[Round "?"]
[White "Ottenweller, Wolfgang"]
[Black "Sheers, Matthew"]
[Result "0-1"]
[WhiteElo "1758"]
[BlackElo "2204"]
[PlyCount "62"]
[EventDate "2020.08.24"]
[EventType "tourn (corr)"]
[EventRounds "6"]
[EventCountry "GER"]
[SourceTitle "Corr 2022"]
[Source "ChessBase"]
[SourceDate "2021.10.24"]
[SourceVersion "1"]
[SourceVersionDate "2021.10.24"]
[SourceQuality "1"]

1. e4 e6 2. d4 d5 3. c4 dxe4 4. Nc3 f5 5. Be2 Nf6 6. Nh3 Bb4 7. 0-0 0-0 8. Qb3 c5 9. Rd1 Nc6 10. dxc5 Qa5 11. Nb5 Bxc5 12. Be3 Bxe3 13. fxe3 a6 14. Nd6 Qc5 15. Rd2 h6 16. Rad1 e5 17. Nf2 Rb8 18. Qc3 Be6 19. a3 f4 20. Ndxe4 Qxe3 21. Nxf6+ Rxf6 22. Bd3 Kh8 23. Re2 Qa7 24. Be4 Nd4 25. Ree1 Rbf8 26. Bf3 Nxf3+ 27. Qxf3 Bxc4 28. Rxe5 Bb5 29. Re7 Qc5 30. Qe4 Bc6 31. Re5 Qb6 0-1

[Event "LSS No Engine Cup 206 Preliminary 0"]
[Site "LSS email"]
[Date "2020.08.24"]
[Round "?"]
[White "Tylecek, Drahomir"]
[Black "Ottenweller, Wolfgang"]
[Result "0-1"]
[WhiteElo "1547"]
[BlackElo "1758"]
[PlyCount "50"]
[EventDate "2020.08.24"]
[EventType "tourn (corr)"]
[EventRounds "6"]
[EventCountry "GER"]
[SourceTitle "Corr 2022"]
[Source "ChessBase"]
[SourceDate "2021.10.24"]
[SourceVersion "1"]
[SourceVersionDate "2021.10.24"]
[SourceQuality "1"]

1. e4 c5 2. Nf3 Nc6 3. d4 cxd4 4. Nxd4 e5 5. Nb5 Nf6 6. N1c3 d6 7. Bg5 a6 8. Na3 b5 9. Naxb5 axb5 10. Bxb5 Bb7 11. 0-0 Be7 12. a4 0-0 13. Bxf6 Bxf6 14. Nd5 Nd4 15. c3 Ne6 16. Qg4 Nc7 17. Rad1 Bxd5 18. exd5 Nxb5 19. axb5 Qa5 20. Qd7 Rfd8 21. Qc6 Rab8 22. c4 Qb4 23. Rd3 Qxb2 24. Rf3 Rbc8 25. Qb6 e4 0-1

[Event "LSS No Engine Cup 203 Preliminary 0"]
[Site "LSS email"]
[Date "2020.04.27"]
[Round "?"]
[White "Bernardara, Enos"]
[Black "Ottenweller, Wolfgang"]
[Result "0-1"]
[WhiteElo "1600"]
[BlackElo "1657"]
[PlyCount "46"]
[EventDate "2020.04.27"]
[EventType "tourn (corr)"]
[EventRounds "6"]
[EventCountry "GER"]
[SourceTitle "Corr 2022"]
[Source "ChessBase"]
[SourceDate "2021.10.24"]
[SourceVersion "1"]
[SourceVersionDate "2021.10.24"]
[SourceQuality "1"]

1. Nc3 e5 2. Nf3 Nc6 3. e3 d5 4. d4 e4 5. Nd2 f5 6. Bb5 Be7 7. 0-0 Nf6 8. h3 0-0 9. a3 Bd6 10. f4 Ne7 11. b4 h6 12. Bb2 c6 13. Be2 Be6 14. Na4 Bf7 15. Nc5 Qc7 16. c4 g5 17. fxg5 hxg5 18. Rc1 Rae8 19. Ndb3 f4 20. exf4 Bxf4 21. Rc2 Nf5 22. Na5 Bh2+ 23. Kf2 Qg3# 0-1

[Event "LSS No Engine Cup 203 Preliminary 0"]
[Site "LSS email"]
[Date "2020.04.27"]
[Round "?"]
[White "Ottenweller, Wolfgang"]
[Black "Pech, Stepan"]
[Result "1-0"]
[WhiteElo "1657"]
[BlackElo "1555"]
[PlyCount "45"]
[EventDate "2020.04.27"]
[EventType "tourn (corr)"]
[EventRounds "6"]
[EventCountry "GER"]
[SourceTitle "Corr 2022"]
[Source "ChessBase"]
[SourceDate "2021.10.24"]
[SourceVersion "1"]
[SourceVersionDate "2021.10.24"]
[SourceQuality "1"]

1. e4 c5 2. f4 e6 3. Nf3 d5 4. d3 Nc6 5. Be2 Bd6 6. e5 Be7 7. 0-0 Nh6 8. Na3 0-0 9. c3 d4 10. Nd2 Nf5 11. Ne4 Rb8 12. g4 Nh4 13. Nb5 f5 14. exf6 gxf6 15. Qe1 f5 16. Ng5 Ng6 17. gxf5 exf5 18. Qg3 a6 19. Na3 Bxg5 20. fxg5 Be6 21. h4 Qe7 22. Bf4 Nxf4 23. Rxf4 1-0

[Event "LSS No Engine Cup 200 Preliminary 0"]
[Site "LSS email"]
[Date "2020.02.23"]
[Round "?"]
[White "Ottenweller, Wolfgang"]
[Black "Korchut, Adam"]
[Result "1-0"]
[WhiteElo "1626"]
[BlackElo "1600"]
[PlyCount "79"]
[EventDate "2020.02.23"]
[EventType "tourn (corr)"]
[EventRounds "6"]
[EventCountry "GER"]
[SourceTitle "Corr 2022"]
[Source "ChessBase"]
[SourceDate "2021.10.24"]
[SourceVersion "1"]
[SourceVersionDate "2021.10.24"]
[SourceQuality "1"]

1. e4 e5 2. d4 exd4 3. c3 dxc3 4. Bc4 cxb2 5. Bxb2 d5 6. Bxd5 Nf6 7. Bxf7+ Kxf7 8. Qxd8 Bb4+ 9. Qd2 Bxd2+ 10. Nxd2 c5 11. e5 Re8 12. 0-0-0 Nh5 13. Ne4 Kg8 14. Nd6 Rf8 15. Nxc8 Rxc8 16. Nh3 Rf8 17. g3 Nc6 18. f4 b5 19. Rd6 Rac8 20. Re1 c4 21. Kb1 g6 22. e6 Nb4 23. e7 Rfe8 24. Ree6 c3 25. Bxc3 Rxc3 26. Rd8 Ng7 27. Rf6 h6 28. Nf2 Nd5 29. Rf8+ Kh7 30. Ng4 Rc6 31. Rxd5 Rxe7 32. Rdd8 Nh5 33. Rh8+ Kg7 34. Rdg8+ Kf7 35. Nxh6+ Kf6 36. Ng4+ Kf5 37. Ne5 Rf6 38. g4+ Ke4 39. Nxg6 Nxf4 40. Nxe7 1-0

[Event "LSS No Engine Cup 200 Preliminary 0"]
[Site "LSS email"]
[Date "2020.02.23"]
[Round "?"]
[White "Ottenweller, Wolfgang"]
[Black "Pech, Jaroslav Sr"]
[Result "1-0"]
[WhiteElo "1626"]
[BlackElo "1371"]
[PlyCount "43"]
[EventDate "2020.02.23"]
[EventType "tourn (corr)"]
[EventRounds "6"]
[EventCountry "GER"]
[SourceTitle "Corr 2022"]
[Source "ChessBase"]
[SourceDate "2021.10.24"]
[SourceVersion "1"]
[SourceVersionDate "2021.10.24"]
[SourceQuality "1"]

1. e4 e5 2. d4 exd4 3. c3 dxc3 4. Nf3 cxb2 5. Bxb2 Bb4+ 6. Nbd2 Nf6 7. Bc4 0-0 8. 0-0 d6 9. Qc2 Bxd2 10. Nxd2 Be6 11. f4 Nbd7 12. Bd3 Nc5 13. Rad1 Re8 14. Rde1 Bxa2 15. Re3 Be6 16. Rg3 Kh8 17. f5 Bd7 18. Rf4 b6 19. Nf3 Ba4 20. Qe2 Nxd3 21. Qxd3 Re5 22. Rh4 1-0

[Event "LSS No Engine Cup 19 Final"]
[Site "LSS email"]
[Date "2010.09.20"]
[Round "?"]
[White "Ottenweller, Wolfgang"]
[Black "Stadler, Pavel"]
[Result "0-1"]
[WhiteElo "1514"]
[BlackElo "1292"]
[PlyCount "24"]
[EventDate "2010.09.21"]
[EventType "tourn (corr)"]
[EventRounds "6"]
[EventCountry "GER"]
[SourceTitle "Corr 2013"]
[Source "ChessBase"]
[SourceDate "2012.11.12"]
[SourceVersion "1"]
[SourceVersionDate "2012.11.12"]
[SourceQuality "1"]

1. e4 e5 2. Nf3 Nc6 3. c3 Nf6 4. d4 Nxe4 5. d5 Ne7 6. Nxe5 Ng6 7. Nxg6 hxg6 8. Nd2 Nxd2 9. Bxd2 Bc5 10. Bd3 d6 11. b4 Bb6 12. Qf3 0-0 0-1

[Event "LSS No Engine Cup 15 Final"]
[Site "LSS email"]
[Date "2010.09.06"]
[Round "?"]
[White "Nikel, Bogdan"]
[Black "Ottenweller, Wolfgang"]
[Result "1-0"]
[WhiteElo "1992"]
[BlackElo "1514"]
[PlyCount "20"]
[EventDate "2010.09.07"]
[EventType "tourn (corr)"]
[EventRounds "6"]
[EventCountry "GER"]
[SourceTitle "Corr 2013"]
[Source "ChessBase"]
[SourceDate "2012.11.12"]
[SourceVersion "1"]
[SourceVersionDate "2012.11.12"]
[SourceQuality "1"]

1. e4 c5 2. Nf3 Nc6 3. d4 cxd4 4. Nxd4 a6 5. Nc3 e5 6. Nf5 d5 7. Nxd5 Bxf5 8. exf5 Nf6 9. Nxf6+ Qxf6 10. Bd3 0-0-0 1-0

[Event "LSS No Engine Cup 11 Final"]
[Site "LSS email"]
[Date "2010.09.06"]
[Round "?"]
[White "Ottenweller, Wolfgang"]
[Black "Bujdoso, Bela"]
[Result "0-1"]
[WhiteElo "1514"]
[BlackElo "1962"]
[PlyCount "28"]
[EventDate "2010.09.07"]
[EventType "tourn (corr)"]
[EventRounds "6"]
[EventCountry "GER"]
[SourceTitle "Corr 2013"]
[Source "ChessBase"]
[SourceDate "2012.11.12"]
[SourceVersion "1"]
[SourceVersionDate "2012.11.12"]
[SourceQuality "1"]

1. e4 d6 2. d4 Nf6 3. Nc3 g6 4. f4 Bg7 5. e5 Nfd7 6. Nf3 c6 7. Be2 0-0 8. 0-0 c5 9. exd6 exd6 10. f5 cxd4 11. Nb5 Nc6 12. Bf4 d3 13. Bxd3 Nde5 14. fxg6 hxg6 0-1

[Event "LSS No Engine Cup 15 Final"]
[Site "LSS email"]
[Date "2010.09.06"]
[Round "?"]
[White "Ottenweller, Wolfgang"]
[Black "Louro, Eugenio Diogo"]
[Result "0-1"]
[WhiteElo "1514"]
[BlackElo "1649"]
[PlyCount "23"]
[EventDate "2010.09.07"]
[EventType "tourn (corr)"]
[EventRounds "6"]
[EventCountry "GER"]
[SourceTitle "Corr 2013"]
[Source "ChessBase"]
[SourceDate "2012.11.12"]
[SourceVersion "1"]
[SourceVersionDate "2012.11.12"]
[SourceQuality "1"]

1. e4 e5 2. d4 exd4 3. c3 dxc3 4. Bc4 cxb2 5. Bxb2 d6 6. Nf3 Nd7 7. 0-0 Nc5 8. Nc3 c6 9. e5 d5 10. Bb3 Nxb3 11. axb3 Ne7 12. Ba3 0-1

[Event "LSS No Engine Cup 14 Final"]
[Site "LSS email"]
[Date "2010.08.08"]
[Round "?"]
[White "Ottenweller, Wolfgang"]
[Black "Jenneborg, Seved"]
[Result "0-1"]
[WhiteElo "1513"]
[BlackElo "1713"]
[PlyCount "60"]
[EventDate "2010.08.09"]
[EventType "tourn (corr)"]
[EventRounds "6"]
[EventCountry "GER"]
[SourceTitle "Telechess CBM 143"]
[Source "ChessBase"]
[SourceDate "2011.07.15"]
[SourceVersion "1"]
[SourceVersionDate "2011.07.15"]
[SourceQuality "1"]

1. e4 c6 2. d4 d5 3. Nc3 dxe4 4. Nxe4 Bf5 5. Ng3 Bg6 6. h4 h6 7. h5 Bh7 8. Nf3 e6 9. Bd3 Nf6 10. Bxh7 Rxh7 11. Bf4 Bd6 12. Be5 Qc7 13. a4 Nbd7 14. Bxd6 Qxd6 15. Qd2 0-0-0 16. 0-0-0 Rhh8 17. Kb1 Kb8 18. a5 c5 19. Qe2 cxd4 20. Rxd4 Qc7 21. a6 Nb6 22. Rhd1 Rxd4 23. Rxd4 bxa6 24. Qxa6 Qc5 25. c3 Nxh5 26. Ne4 Qc7 27. Nd6 f6 28. Nb5 Qb7 29. Qa3 e5 30. Qd6+ Ka8 0-1

[Event "LSS BI-2010-P-00014"]
[Site "LSS email"]
[Date "2010.04.19"]
[Round "?"]
[White "Khramkov, Alexey Gennadievic"]
[Black "Ottenweller, Wolfgang"]
[Result "0-1"]
[WhiteElo "1036"]
[BlackElo "1621"]
[PlyCount "32"]
[EventDate "2010.04.22"]
[EventType "tourn (corr)"]
[EventRounds "10"]
[EventCountry "GER"]
[SourceTitle "Corr 2013"]
[Source "ChessBase"]
[SourceDate "2012.11.12"]
[SourceVersion "1"]
[SourceVersionDate "2012.11.12"]
[SourceQuality "1"]

1. d4 e6 2. e4 d5 3. Nc3 Bb4 4. e5 f6 5. Qh5+ g6 6. Qe2 Nc6 7. exf6 Nxd4 8. Bg5 Nxe2 9. f7+ Kxf7 10. Bxd8 Nxc3 11. a3 Ba5 12. b4 Bb6 13. Nf3 a5 14. b5 Ne7 15. Bxe7 Kxe7 16. a4 Ne4 0-1

[Event "LSS BI-2010-P-00014"]
[Site "LSS email"]
[Date "2010.04.19"]
[Round "?"]
[White "Ottenweller, Wolfgang"]
[Black "Pintonello, Gilberto"]
[Result "0-1"]
[WhiteElo "1664"]
[BlackElo "2027"]
[PlyCount "100"]
[EventDate "2010.04.22"]
[EventType "tourn (corr)"]
[EventRounds "10"]
[EventCountry "GER"]
[SourceTitle "Telechess CBM 141"]
[Source "ChessBase"]
[SourceDate "2011.03.17"]
[SourceVersion "1"]
[SourceVersionDate "2011.03.17"]
[SourceQuality "1"]

1. e4 e5 2. d4 exd4 3. c3 dxc3 4. Bc4 cxb2 5. Bxb2 d5 6. Bxd5 Nf6 7. Bxf7+ Kxf7 8. Qxd8 Bb4+ 9. Qd2 Bxd2+ 10. Nxd2 Re8 11. Ngf3 Nc6 12. 0-0 Bg4 13. Bxf6 gxf6 14. Rab1 Na5 15. Rfc1 Rac8 16. e5 Bxf3 17. Nxf3 c5 18. g4 fxe5 19. Ng5+ Kg6 20. Ne4 Red8 21. Rxc5 Rxc5 22. Nxc5 b6 23. Ne4 Rd4 24. f3 Rd3 25. Kg2 Ra3 26. Rb2 Nc4 27. Re2 h6 28. Kf2 h5 29. h3 h4 30. Rc2 b5 31. Nc3 a6 32. Ke2 Kg5 33. Nd5 Nd6 34. Rd2 Nf7 35. Rc2 Nh8 36. Rc3 Rxa2+ 37. Ke3 Ng6 38. Rc5 Ra3+ 39. Ke4 Ra4+ 40. Ke3 Rc4 41. Rxc4 bxc4 42. Kd2 Nf8 43. Kc3 a5 44. Kxc4 Ne6 45. Kc3 a4 46. Kb4 Nd4 47. Nc3 Nxf3 48. Ne2 Nd4 49. Nc3 Ne6 50. Kxa4 Kf4 0-1

[Event "LSS BI-2010-P-00014"]
[Site "LSS email"]
[Date "2010.04.19"]
[Round "?"]
[White "Ottenweller, Wolfgang"]
[Black "Shelykalin, Vjacheslav"]
[Result "0-1"]
[WhiteElo "1514"]
[BlackElo "1752"]
[PlyCount "58"]
[EventDate "2010.04.22"]
[EventType "tourn (corr)"]
[EventRounds "10"]
[EventCountry "GER"]
[SourceTitle "Telechess CBM 147"]
[Source "ChessBase"]
[SourceDate "2012.03.16"]
[SourceVersion "1"]
[SourceVersionDate "2012.03.16"]
[SourceQuality "1"]

1. e4 c5 2. Nf3 d6 3. d4 cxd4 4. Nxd4 Nf6 5. Nc3 a6 6. Be2 e5 7. Nb3 Be7 8. 0-0 0-0 9. Kh1 Nc6 10. f4 b5 11. Bf3 Bb7 12. a4 b4 13. Nd5 Rc8 14. f5 Nxd5 15. Qxd5 Qc7 16. Qd3 Nb8 17. Rf2 Nd7 18. Be3 Nf6 19. Rc1 Bc6 20. Re1 Bxa4 21. Qxa6 Ra8 22. Qd3 Rfc8 23. Rc1 Qd7 24. Nd2 Bb5 25. Qb3 d5 26. Bg5 Ng4 27. Bxg4 Bxg5 28. Qg3 Rxc2 29. Rxc2 Ra1+ 0-1

[Event "LSS BI-2010-P-00014"]
[Site "LSS email"]
[Date "2010.04.19"]
[Round "?"]
[White "Salonen, Jukka"]
[Black "Ottenweller, Wolfgang"]
[Result "1-0"]
[WhiteElo "1772"]
[BlackElo "1514"]
[PlyCount "55"]
[EventDate "2010.04.22"]
[EventType "tourn (corr)"]
[EventRounds "10"]
[EventCountry "GER"]
[SourceTitle "Telechess CBM 147"]
[Source "ChessBase"]
[SourceDate "2012.03.16"]
[SourceVersion "1"]
[SourceVersionDate "2012.03.16"]
[SourceQuality "1"]

1. e4 c5 2. Nf3 Nc6 3. d4 cxd4 4. Nxd4 a6 5. Nxc6 bxc6 6. Nc3 e5 7. Qh5 d6 8. Bc4 g6 9. Qe2 Bg7 10. Be3 Nf6 11. 0-0-0 Ng4 12. Qd2 Nxe3 13. fxe3 0-0 14. Qxd6 Qg5 15. Rhf1 Kh8 16. Qxc6 Qxe3+ 17. Kb1 Rb8 18. Rd3 Qa7 19. a3 f5 20. Rfd1 f4 21. h3 Rb6 22. Qa4 Rb8 23. Qa5 Qb6 24. Qxb6 Rxb6 25. Nd5 Rc6 26. b3 Bb7 27. Kb2 Rd6 28. b4 1-0

[Event "LSS No Engine Cup 03 Final"]
[Site "LSS email"]
[Date "2010.04.06"]
[Round "?"]
[White "Jordaan, Wayne"]
[Black "Ottenweller, Wolfgang"]
[Result "1-0"]
[WhiteElo "1625"]
[BlackElo "1513"]
[PlyCount "46"]
[EventDate "2010.04.07"]
[EventType "tourn (corr)"]
[EventRounds "6"]
[EventCountry "GER"]
[SourceTitle "Telechess CBM 141"]
[Source "ChessBase"]
[SourceDate "2011.03.17"]
[SourceVersion "1"]
[SourceVersionDate "2011.03.17"]
[SourceQuality "1"]

1. d4 d5 2. c4 c6 3. Nf3 Bg4 4. Ne5 Bf5 5. cxd5 Nf6 6. dxc6 Nxc6 7. Nxc6 bxc6 8. Nc3 Qb6 9. e3 e6 10. Bd3 Bd6 11. e4 Bg6 12. e5 Qxd4 13. exf6 Qxd3 14. Qxd3 Bxd3 15. fxg7 Rg8 16. Bh6 Rd8 17. f4 Bc5 18. Rd1 f6 19. h4 Kf7 20. g4 e5 21. fxe5 Rge8 22. Rd2 Rxe5+ 23. Kd1 Be3 1-0

[Event "LSS No Engine Cup 03 Final"]
[Site "LSS email"]
[Date "2010.04.06"]
[Round "?"]
[White "Ottenweller, Wolfgang"]
[Black "Pehl, Jozsef"]
[Result "1-0"]
[WhiteElo "1689"]
[BlackElo "1663"]
[PlyCount "57"]
[EventDate "2010.04.07"]
[EventType "tourn (corr)"]
[EventRounds "6"]
[EventCountry "GER"]
[SourceTitle "Telechess CBM 141"]
[Source "ChessBase"]
[SourceDate "2011.03.17"]
[SourceVersion "1"]
[SourceVersionDate "2011.03.17"]
[SourceQuality "1"]

1. e4 c5 2. Nf3 d6 3. d4 cxd4 4. Nxd4 Nc6 5. Nc3 Qc7 6. Nd5 Qd7 7. Bb5 e6 8. Bg5 Be7 9. Nxe7 Ngxe7 10. Bxe7 Kxe7 11. Qg4 Kf8 12. 0-0-0 a6 13. Bxc6 bxc6 14. Qg3 f6 15. f4 c5 16. Nb3 Qc7 17. e5 d5 18. Qc3 fxe5 19. Nxc5 Kg8 20. f5 d4 21. Qf3 Qxc5 22. Qxa8 exf5 23. b4 Qc3 24. Rd3 Qc7 25. Qd5+ Kf8 26. Re1 e4 27. Rxd4 Qc3 28. Rc4 Qxe1+ 29. Kb2 1-0

[Event "LSS No Engine Cup 03 Final"]
[Site "LSS email"]
[Date "2010.04.06"]
[Round "?"]
[White "Raluy Lopez, Marcos"]
[Black "Ottenweller, Wolfgang"]
[Result "0-1"]
[WhiteElo "1415"]
[BlackElo "1514"]
[PlyCount "28"]
[EventDate "2010.04.07"]
[EventType "tourn (corr)"]
[EventRounds "6"]
[EventCountry "GER"]
[SourceTitle "Corr 2013"]
[Source "ChessBase"]
[SourceDate "2012.11.12"]
[SourceVersion "1"]
[SourceVersionDate "2012.11.12"]
[SourceQuality "1"]

1. d4 d5 2. c4 c6 3. Nc3 e6 4. cxd5 exd5 5. Qc2 Na6 6. Bf4 Nb4 7. Qd1 Bf5 8. Rc1 Bd6 9. Bxd6 Qxd6 10. Nf3 Ne7 11. a3 Na6 12. e3 0-0 13. Bxa6 bxa6 14. Na4 Rab8 0-1

[Event "LSS No Engine Cup 20 Preliminary 7"]
[Site "LSS email"]
[Date "2010.04.05"]
[Round "?"]
[White "Ottenweller, Wolfgang"]
[Black "Taroma Corpus, Roger"]
[Result "0-1"]
[WhiteElo "1513"]
[BlackElo "1423"]
[PlyCount "87"]
[EventDate "2010.04.06"]
[EventType "tourn (corr)"]
[EventRounds "6"]
[EventCountry "GER"]
[SourceTitle "Telechess CBM 141"]
[Source "ChessBase"]
[SourceDate "2011.03.17"]
[SourceVersion "1"]
[SourceVersionDate "2011.03.17"]
[SourceQuality "1"]

1. e4 e5 2. d4 exd4 3. c3 Qe7 4. cxd4 Qxe4+ 5. Be3 Bb4+ 6. Nc3 Bxc3+ 7. bxc3 Nf6 8. Nf3 Ng4 9. Bd3 Qe7 10. 0-0 Nxe3 11. fxe3 Qxe3+ 12. Kh1 0-0 13. Qc2 Qh6 14. Qb3 d6 15. Rae1 Nd7 16. Bc4 Kh8 17. Bxf7 Nf6 18. Re7 c6 19. Kg1 b5 20. Qa3 Ng8 21. Rc7 Qe3+ 22. Kh1 Bg4 23. Qxd6 Bxf3 24. gxf3 Qe2 25. Kg1 Qe3+ 26. Kh1 Qd3 27. Kg2 Nh6 28. Be6 Rf6 29. Qd7 Rg6+ 30. Bg4 Rg8 31. Rc8 Qxc3 32. Rf2 Rxc8 33. Qxc8+ Ng8 34. h4 Qe3 35. h5 Rd6 36. Rc2 b4 37. Rxc6 Rxd4 38. Rc2 Rd1 39. Qe6 Qg1+ 40. Kh3 Qh1+ 41. Kg3 Rg1+ 42. Kf4 Re1 43. Re2 Rc1 44. Qd5 0-1

[Event "LSS No Engine Cup 20 Preliminary 7"]
[Site "LSS email"]
[Date "2010.04.05"]
[Round "?"]
[White "Ziljbershtejn, Dmitrij"]
[Black "Ottenweller, Wolfgang"]
[Result "1/2-1/2"]
[WhiteElo "1303"]
[BlackElo "1667"]
[PlyCount "55"]
[EventDate "2010.04.06"]
[EventType "tourn (corr)"]
[EventRounds "6"]
[EventCountry "GER"]
[SourceTitle "Telechess CBM 141"]
[Source "ChessBase"]
[SourceDate "2011.03.17"]
[SourceVersion "1"]
[SourceVersionDate "2011.03.17"]
[SourceQuality "1"]

1. d4 d5 2. c4 c6 3. Nc3 e6 4. Nf3 Nf6 5. Bg5 dxc4 6. e4 b5 7. e5 h6 8. Bh4 g5 9. Nxg5 hxg5 10. Bxg5 Nbd7 11. exf6 Bb7 12. g3 c5 13. d5 Qb6 14. Bg2 b4 15. 0-0 bxc3 16. bxc3 e5 17. Rb1 Qa6 18. Rxb7 Qxb7 19. d6 Qc8 20. f4 e4 21. Bxe4 Rb8 22. Bg6 Qc6 23. Qe2+ Kd8 24. Bxf7 Bxd6 25. Bxc4 Kc7 26. f7 a6 27. Rd1 Nb6 28. Bf6 1/2-1/2